Pays limitrophes des Pays commençant par la lettre B - Statistiques

Statistiques générales
  • Ce quiz a été pris 749 fois
    736 depuis la dernière actualisation
  • Le résultat moyen est 42 sur 48
Statistiques - réponses
Réponse % Correct
France
98%
Luxembourg
98%
Pays-Bas
98%
Allemagne
97%
Argentine
97%
Inde
96%
Russie
96%
Colombie
95%
Paraguay
95%
Pérou
95%
Chili
94%
Ukraine
94%
Croatie
93%
Pologne
93%
Suriname
93%
Uruguay
93%
Brésil
92%
Roumanie
92%
Serbie
92%
Venezuela
92%
Chine
91%
Guyana
91%
Togo
89%
Bolivie
88%
Monténégro
88%
Niger
88%
Lituanie
87%
Afrique du Sud
86%
Mali
86%
Mexique
86%
Birmanie
85%
Grèce
85%
Guatemala
85%
Macédoine
85%
Nigeria
85%
Rwanda
85%
Zimbabwe
85%
Namibie
84%
République Démocratique du Congo
84%
Zambie
84%
Côte d'Ivoire
82%
Ghana
82%
Lettonie
82%
Tanzanie
78%
Malaisie
77%
Turquie
73%
Bénin
72%
Burkina Faso
70%
Aucun quiz correspondant
Distribution des résultats
% des personnes avec chaque résultat
Percentile par nombre de réponses
Votre historique - résultats
Vous n’avez pas pris ce quiz depuis la dernière actualisation